| 000 | 00811nmc a2200313 a 4500 | ||
|---|---|---|---|
| 003 | AR-BaBNM | ||
| 005 | 20251128204731.0 | ||
| 008 | 167119s1978 ||||||||||||||000 | spa|| | ||
| 020 | _a968-16-0108-4 | ||
| 040 | _cAR-BaBNM | ||
| 100 | 1 | _aLewis, W.Arthur | |
| 245 | 1 | 0 | _aLa planeación económica |
| 250 | _a1ª ed. | ||
| 260 |
_aMéxico, D.F. _bFondo de Cultura Económica _c1978 |
||
| 300 | 0 | _a204 p. | |
| 490 | 0 |
_aBreviarios _vv. 62 |
|
| 500 | 0 | _aContiene apéndices p. 183-201 | |
| 650 | 4 | _aSOCIALISMO | |
| 650 | 4 | _aDINERO | |
| 650 | 4 | _aINVERSION | |
| 650 | 4 | _aCOMERCIALIZACION | |
| 650 | 4 | _aCOMERCIO INTERNACIONAL | |
| 650 | 4 | _aCONTROL SOCIAL | |
| 650 | 4 | _aNACIONALIZACION | |
| 650 | 4 | _aPRODUCTIVIDAD | |
| 700 | 1 |
_aVazquez Díaz, Daniel _etraductor |
|
| 942 | _cBK | ||
| 998 | _cmariana | ||
| 999 |
_c8609 _d8609 |
||